Integrácia systémov manažérstva v štruktúre vysokej úrovne
Zlá integrovateľnosť manažérskych systémov a manažérskych štandardov ISO. Riešenie vo forme direktívy ISO/IEC časť 1 z roku 2013. Príloha SL (Annex SL). Definícia pojmu "štruktúra vysokej úrovne" (High Level Structure, HLS). Analýza vplyvu HLS na integráciu manažérskych štandardov. Terminologické pr...
Saved in:
| Main Author: | |
|---|---|
| Format: | Book Chapter |
| Language: | Slovak |
| Subjects: | |
| Tags: |
No Tags, Be the first to tag this record!
|
MARC
| LEADER | 00000nla a2200000 4500 | ||
|---|---|---|---|
| 001 | 0246580 | ||
| 005 | 20240502073946.1 | ||
| 041 | 0 | |a slo | |
| 044 | |a SK | ||
| 245 | 1 | 0 | |a Integrácia systémov manažérstva v štruktúre vysokej úrovne |c Martina Džubáková |
| 520 | |a Zlá integrovateľnosť manažérskych systémov a manažérskych štandardov ISO. Riešenie vo forme direktívy ISO/IEC časť 1 z roku 2013. Príloha SL (Annex SL). Definícia pojmu "štruktúra vysokej úrovne" (High Level Structure, HLS). Analýza vplyvu HLS na integráciu manažérskych štandardov. Terminologické problémy a nejednotnosť prekladu slovenských noriem. | ||
| 610 | 2 | 0 | |a integrácia |
| 610 | 2 | 0 | |a systémy riadenia |
| 610 | 2 | 0 | |a normy ISO |
| 610 | 2 | 0 | |a štandardy |
| 610 | 2 | 0 | |a terminológia |
| 610 | 2 | 0 | |a preklady |
| 610 | 2 | 0 | |a Slovensko |
| 100 | 1 | |a Džubáková, Martina | |